| 000 | 00753nam a22002657a 4500 | ||
|---|---|---|---|
| 005 | 20260327131342.0 | ||
| 008 | 180410b xxu||||| |||| 00| 0 spa d | ||
| 020 | _a9789506413804 | ||
| 041 | _aESP | ||
| 082 | _a650.14 AL434m | ||
| 100 | _aAlles, Martha | ||
| 245 | _aMi búsqueda laboral: una guía paso a paso para encontrar el camino | ||
| 260 | _aArgentina | ||
| 260 | _bGranica | ||
| 260 | _c2009 | ||
| 300 | _a102 páginas | ||
| 490 | _aDirección y Administración de Empresas | ||
| 490 | _aSecretariado Ejecutivo | ||
| 650 | _aÉXITO EN LA OBTENCIÓN DE EMPLEOS Y PROMOCIONES | ||
| 650 | _aCURRÍCULUM VITAE | ||
| 650 | _aCARTA DE PRESENTACIÓN | ||
| 650 | _aENTREVISTAS | ||
| 650 | _aBÚSQUEDA LABORAL | ||
| 942 |
_cBK _2ddc |
||
| 999 |
_c10547 _d10547 |
||